मन कब हुआ कबीर / (Record no. 13358)

MARC details
000 -LEADER
fixed length control field 01087nam a22002417a 4500
005 - DATE AND TIME OF LATEST TRANSACTION
control field 20080606105433.0
008 - FIXED-LENGTH DATA ELEMENTS--GENERAL INFORMATION
fixed length control field 080610t xxu||||| |||| 00| p hin d
010 ## - LIBRARY OF CONGRESS CONTROL NUMBER
LC control number HIN-83360
020 ## - INTERNATIONAL STANDARD BOOK NUMBER
International Standard Book Number 8171490875
Terms of availability 150.00
035 ## - SYSTEM CONTROL NUMBER
System control number HN-55706
037 ## - SOURCE OF ACQUISITION
Source of stock number/acquisition DBAD / PUB
040 ## - CATALOGING SOURCE
Original cataloging agency DPL
Language of cataloging HN
082 ## - DEWEY DECIMAL CLASSIFICATION NUMBER
Classification number 821
100 ## - MAIN ENTRY--PERSONAL NAME
Personal name आर्य, भारत भूषण
245 ## - TITLE STATEMENT
Title मन कब हुआ कबीर /
Statement of responsibility, etc भारत भूषण आर्य
246 ## - VARYING FORM OF TITLE
Title proper/short title Man kab hua Kabir
Remainder of title by Bharat Bhushan Arya
260 ## - PUBLICATION, DISTRIBUTION, ETC. (IMPRINT)
Place of publication, distribution, etc दिल्ली
Name of publisher, distributor, etc साहित्य सहकार
Date of publication, distribution, etc 2007
270 ## - ADDRESS
Address 29/62-बी, गली न.11, विश्वास नगर
City दिल्ली
Postal code 110032
Telephone number 22385703
270 ## - ADDRESS
City दिल्ली
Postal code 110032
300 ## - PHYSICAL DESCRIPTION
Extent 255पृ
Dimensions 22 सेमी (सजिल्द)
942 ## - ADDED ENTRY ELEMENTS (KOHA)
Source of classification or shelving scheme Dewey Decimal Classification
Koha item type Hindi Books
Classification part 821
Call number suffix आर्यभा
Holdings
Withdrawn status Lost status Damaged status Not for loan Collection code Home library Current library Date acquired Source of acquisition Cost, normal purchase price Total Checkouts Full call number Barcode Date last seen Copy number Cost, replacement price Price effective from Koha item type
      Not For Loan Non-fiction D.B.Act.Division D.B.Act.Division 06/06/2008 पु.प्र.अ.प्र /प्रका 150.00   821 आर्यभा HN-55706 15/09/2008 1 150.00 15/09/2008 Hindi Books

© Delhi Public Library
Hit Counter
free hit counter